000 00466nam a2200157 i 4500
001 147921
003 ES-MaACL
005 20230906202326.0
007 t|
008 071008s1971 sp ||||1| spa d
100 1 _aUrbina, Fernando (
_d1923-1992)
_9112090
245 1 0 _aSacerdotes
_b: crisis y construcción /
_cFernado Urbina.
260 _aMadrid :
_bPropaganda Popular Católica,
_c1971.
300 _a239 p. ;
_c20 cm.
852 _aES-MaACL
_jC-45271
_bR.78707
999 _c147921
_d147921